000
00227nam a2200097Ia 4500
005
20251222114359.0
008
251222s1900||||xx |||||||||||||| ||spa||
082
_a
DVD0070/J66/1986
245
0
_a
La misión:The Mission
942
_c
DVD
999
_c
1554
_d
1554